Robin Hood

Podkladom pre túto knihu sú voľne spracované anglické balady. Prosté balady o Robinovi Hoodovi, nabité dramatickým dejom sú teda verným zrkadlom predstáv anglického ľudu o tomto hrdinovi. Milovaný zbojník, hrdý zeman z najlepších akí kedy luk nosili, pred ktorým sú bezmocní aj najmocnejší páni, je s...

Full description

Bibliographic Details
Main Author: Chmelová, Elena, 1920-1995 (Author)
Other Authors: Makovický, Igor, 1947-2014 (Narrator)
Format: CD Audio
Language:Slovak
PhysicalDescription:1 elektronický optický disk (CD-ROM) digitál., MP3 12 cm
Published: V Levoči Slovenská knižnica pre nevidiacich Mateja Hrebendu 2018
ISBN:9788018069967 (CDROM)
Subjects:

MARC

LEADER 00000cim a2200000 a 4500
001 vtls011739998
003 SK-MaSNL
005 20260301141822.0
007 sd fungnnmmned
008 180201s2018 xo nnnnfs h n slo
015 |a SNBJ2019 
020 |a 9788018069967 (CDROM) 
040 |a SNK  |b slo  |c SNK  |e AACR2 
041 0 |d slo 
044 |a xo  |c SK 
072 7 |a 821.162.4-3  |x Slovenská próza  |2 konspekt 
080 |a 821.162.4-31  |2 2011 
080 |a 398.21(410.1)  |2 2011 
080 |a (0:82-311.3)  |2 2011 
080 |a (0:82-311.6)  |2 2011 
080 |a (086.7.053.2)  |2 2001 
080 |a (086.76)  |2 2011 
100 1 |a Chmelová, Elena,  |d 1920-1995  |4 aut  |9 163974 
245 1 0 |a Robin Hood  |h elektronický zdroj  |c číta: Igor Makovický 
260 |a V Levoči  |b Slovenská knižnica pre nevidiacich Mateja Hrebendu  |c 2018 
300 |a 1 elektronický optický disk (CD-ROM)  |b digitál., MP3  |c 12 cm 
306 |a 073000 
500 |a Podľa starých anglických povestí a balád spracovala Elena Chmelová 
520 8 |a Podkladom pre túto knihu sú voľne spracované anglické balady. Prosté balady o Robinovi Hoodovi, nabité dramatickým dejom sú teda verným zrkadlom predstáv anglického ľudu o tomto hrdinovi. Milovaný zbojník, hrdý zeman z najlepších akí kedy luk nosili, pred ktorým sú bezmocní aj najmocnejší páni, je skutočne rytierom, prísnym a nepodplatiteľným šíriteľom dobra a spravodlivosti. Je vždy a všade slobodný 
521 |a Pre nevidiacich, slabozrakých a inak zdravotne postihnutých 
650 0 7 |a anglické povesti  |2 SNKPH  |9 106171 
655 7 |a slovenské romány  |2 SNKPH  |9 70324 
655 7 |a dobrodružné romány  |2 SNKPH  |9 70486 
655 7 |a historické romány  |2 SNKPH  |9 70253 
655 7 |a zvukové záznamy pre deti a mládež  |2 SNKPH  |9 70694 
655 7 |a CD-ROM  |2 SNKPH  |9 70236 
700 1 |a Makovický, Igor,  |d 1947-2014  |4 nrt  |9 170500 
752 |a Slovensko  |d Levoča 
919 |a 978-80-18-06996-7 
958 |a SX 
958 |a LX 
999 |c 768367  |d 770297 
952 |a SNK  |b SNK  |y PREZ  |7 0  |p 17A1338845  |o snkSCD 4882  |i snk2018/27311  |8 0  |0 0  |1 0  |4 0  |d 2018-12-17  |l 0  |r 2026-02-24 00:26:16  |w 2026-02-24